Quizzes
Events
Quiz Creation
Community
Videos
Private Events
Remove Ads
Sign In
Join for FREE
Feedback
Dark Mode
Quiz Categories
Sports
Geography
Music
Movies
Television
Just For Fun
Miscellaneous
History
Literature
Language
Science
Gaming
Entertainment
Religion
Holiday
For Kids
Quiz Lab
Recent
Popular Today
Quiz Kudos Today
Editor Picks
Curator Picks
Quizzes by...
Day
Popularity
Type
Ratings
Length
Year
Community
Subscriptions
Recent Discussions
Orange Saloon
Badges
Playlists
Quests
Create
Leaderboards
Showdown
Live 5
Trivia Bingo
Activity
Puzzle Library
Sporcle Events
Private Events
Virtual Trivia
Globe League
Become a Host
Pub Owners
SporcleCon
Opinionation
Our Games
Videos
Blog
Mobile Apps
Partnerships
Remove Ads and Go Orange
Feedback
Science
Computer
Plants
Astronomy
Chemistry
Elements
Math
Animal
Physics
Anatomy
Biology
Geology
General Science
Science
Computer
Plants
Astronomy
Chemistry
Elements
Math
Animal
Physics
Anatomy
Biology
Geology
General Science
Random Quiz
Search Sporcle
×
Quiz Lab
Quiz Lab
Science
Biology
Select answers by clicking on text or image buttons
Select answers by clicking on text or image buttons
Clickable
Best Score? Go Orange.
AP Biology Vocabulary Chapter 1 Stats
Can you pick the AP Biology Vocabulary?
By
bschuler
18m
27 Questions
217 Plays
217 Plays
217 Plays
Comments
Comments
Give Quiz Kudos
Give Quiz Kudos
-
- Ratings
hide this ad
Forced Order
Answers have to be entered in order
Answers have to be entered in order
Random Order
Randomize order of answers
Randomize order of answers
Replay
Link that replays current quiz
Next Quiz
Link to next quiz in quiz playlist
You Got
0%
They Got
Avg Score
63%
Avg Friend Score
Upgrade to see
Score Distribution
Jump to the score distribution portion of the page
Score
0/27
Timer
18:00
0
Plays Today
% Correct
prokaryotic cell
85.3%
DNA
83.4%
biology
82.5%
controlled experiment
79.3%
evolution
77.4%
cell
77.4%
eukaryotic cell
75.1%
genes
74.2%
theory
72.4%
qualitative data
69.1%
taxonomy
68.7%
positive feedback
67.3%
inductive reasoning
67.3%
hypothesis
67.3%
% Correct
negative feedback
65.4%
reductionism
63.6%
data
63.6%
genome
59.9%
quantitative data
59%
systems biology
52.1%
model
52.1%
bioinformatics
47%
emergent properties
43.8%
inquiry
43.8%
deductive reasoning
38.2%
technology
36.9%
discovery science
32.7%
Quiz Playlist
Details
Report
Send in Message
Add To Playlist
Clickable:
Select answers by clicking on text or image buttons
Forced Order:
Answers have to be entered in order
Random Order:
Randomize order of answers
Last Updated: Feb 16, 2017
Quiz Scoreboard
CHALLENGE
Sign Up to Join the Scoreboard
Show All
Scores
Hide
Comments
May contain spoilers
Recently Published
Street Fighter Characters
by Artimus82
Gaming
60s
9x9 Crossword: Cartoon Network
by jackfrog10
Miscellaneous
3m
College Basketball Coaching Resumes
by pancakes188
Sports
9m
More to Explore
Quiz From the Vault
Featured Blog Post
Where Did the Easter Bunny Come From?
hide this ad
You Might Also Like...
Tags
Biology Quiz
Vocabulary Quiz
Chapter
Today's Top Quizzes in Science
Browse Science
hide this ad
Today's Top Quizzes in Biology
Browse Biology
Top Contributed Quizzes in Science
1
Quick Pick: Radians
2
The First 100 Digits of Pi
3
Quick Pick: 'CI-CJ' Animals
4
Elements In Images
5
perfect squares 1-25
6
One Thing in Common: Science
7
One Thing in Common: Science II
8
One Thing in Common: Animals
9
Science Jokes
10
One Thing in Common: Science III
Explore More
Trending Topics
Disney
Harry Potter
Crossword
NBA
Anime
Kpop
Marvel
Song
Soccer
Country
Pokémon
The Office
Puzzle
WWE
NFL
hide this ad
More By:
bschuler
Quiz
Plays
Rating
Category
Featured
Created
AP Biology Vocabulary Chapter 1
217
Science
Sep 17, 2015
AP Bio Vocab Chapter 2
99
1.75
Science
Sep 17, 2015
AP Bio Chapter 9 vocab
51
Science
Oct 23, 2015
ap bio chapter 11 vocab
36
Science
Nov 20, 2015
chapter 6 vocab AP Bio
35
Science
Oct 28, 2015
Go to Creator's Profile
Score Distribution
Quiz Creator Spotlight
bschuler
Follow
Send a Message
Quizzes Created
-
Created Quiz Play Count
-
More By This Creator
Popular Quizzes Today
1
Find the US States - No Outlines Minefield
2
Find the Countries of Europe - No Outlines Minefield
3
The Countries of the World
4
Find the US States
5
Risky Map Clicking: Biggest States A-Z
6
US States
7
Popular People in 1961
8
Movies - When Are They Set?
More Science Quizzes
Great Scientific Discoveries: Matching
Editor's Pick
Trending Quizzes
Risky Map Clicking: Least Populous States A-Z
1-10 Letter G Words
Risky Map Clicking: Next State Alphabetically
Adjectives in 80s TV Shows
The Seven Year Switch: Catherine
Recently Updated
Leaping Animals
pecheneg
Reality TV Shows (A-Z)
bhenderson79
Rickey Henderson's Hall of Fame Teammates
pecheneg
Champions League XIs: Arsenal
pecheneg
Quick Pick: Celebrities in WWE's Hall of Fame
aduchscher
A-Z Keypad Blitz II
pecheneg
Multiple Oscar Actors
pecheneg
Mystery Phrase Blitz: Oscar 'Best Actors'
pecheneg
F. Scott Fitzgerald Novels
LTH
Pick 3 Villains
ddd62291
Trending Topics
Anime
Crossword
Marvel
NBA
Kpop
Disney
Harry Potter
Country
WWE
Pokémon
Song
Puzzle
NFL
The Office
Soccer
Your Account Isn't Verified!
In order to create a playlist on Sporcle, you need to verify the email address you used during registration. Go to your
Sporcle Settings
to finish the process.
Report this User
Report this user for behavior that violates our
Community Guidelines
.
Details:
Send Report
Go to the Sporcle.com Mobile Site →
Comments